Welcome to the Holygrace Academy Library

Please use search bar below to get started

SELECTED STORIES OF WILLIAM SHAKESPEARE (Record no. 3573)

MARC details
000 -LEADER
fixed length control field 00321nam a22001337a 4500
082 ## - DEWEY DECIMAL CLASSIFICATION NUMBER
Classification number 822
Item number SHA/S
100 ## - MAIN ENTRY--AUTHOR NAME
Personal name SHAKESPEARE,WILLIAM
245 ## - TITLE STATEMENT
Title SELECTED STORIES OF WILLIAM SHAKESPEARE
250 ## - EDITION STATEMENT
Edition statement 2003
260 ## - PUBLICATION, DISTRIBUTION, ETC. (IMPRINT)
Place of publication NEW DELHI
Name of publisher SHRIJEE'S BOOOK INTERNATIONAL
300 ## - PHYSICAL DESCRIPTION
Number of Pages 776
650 ## - SUBJECT ADDED ENTRY--TOPICAL TERM
Topical Term PLAY
Geographic subdivision NEW DELHI
942 ## - ADDED ENTRY ELEMENTS (KOHA)
Koha item type Books
Holdings
Withdrawn status Lost status Collection code Home library Current library Shelving location Date acquired Source of acquisition Cost, normal purchase price Full call number Accession Number Koha item type
    Non-fiction Main Library Main Library SHELF 16-A- ENGLISH LITERATURE COLLECTION OF WORKS 24/05/2004 PURCHASE 200.00 822 SHA/S 00777 Books